বাংলাদেশে পাত্র সম্প্রদায়ের ভাষা ও সংস্কৃতি : একটি নৃ-ভাষাবৈজ্ঞানিক বিশ্লেষণ = (The language and culture of Patro Community of Bangladesh : an anthropo linguistic analysis) / (Record no. 248144)
[ view plain ]
| 000 -LEADER | |
|---|---|
| fixed length control field | 01453nam a22002057a 4500 |
| 003 - CONTROL NUMBER IDENTIFIER | |
| control field | BD-DhUL |
| 005 - DATE AND TIME OF LATEST TRANSACTION | |
| control field | 20190515111331.0 |
| 008 - FIXED-LENGTH DATA ELEMENTS--GENERAL INFORMATION | |
| fixed length control field | 190514s bg a|||| m||| 00| 0 ben d |
| 040 ## - CATALOGING SOURCE | |
| Original cataloging agency | BD-DhUL |
| Transcribing agency | BD-DhUL |
| 082 ## - DEWEY DECIMAL CLASSIFICATION NUMBER | |
| Classification number | 305.89144 |
| Item number | ASB |
| 100 ## - MAIN ENTRY--PERSONAL NAME | |
| Personal name | আসাদুজ্জামান, মুহাম্মদ। |
| 245 0# - TITLE STATEMENT | |
| Title | বাংলাদেশে পাত্র সম্প্রদায়ের ভাষা ও সংস্কৃতি : একটি নৃ-ভাষাবৈজ্ঞানিক বিশ্লেষণ = (The language and culture of Patro Community of Bangladesh : an anthropo linguistic analysis) / |
| Statement of responsibility, etc. | মুহাম্মদ আসাদুজ্জামান। |
| Medium | [পিএইচ. ডি. অভিসন্দর্ভ ] |
| 260 ## - PUBLICATION, DISTRIBUTION, ETC. (IMPRINT) | |
| Place of publication, distribution, etc. | ঢাকা : |
| Name of publisher, distributor, etc. | ঢাকা বিশ্ববিদ্যালয়, |
| Date of publication, distribution, etc. | ২০১৮। |
| 300 ## - PHYSICAL DESCRIPTION | |
| Extent | [১৪], ২২২ পৃ. : |
| Other physical details | রঙিন চিত্র ; |
| Dimensions | ৩০ সেমি। |
| 502 ## - DISSERTATION NOTE | |
| Dissertation note | অভিসন্দর্ভ (পিএইচ. ডি.)-- ভাষাবিজ্ঞান বিভাগ, ঢাকা বিশ্ববিদ্যালয়, শিক্ষাবর্ষ: ২০১২-২০১৩ |
| 504 ## - BIBLIOGRAPHY, ETC. NOTE | |
| Bibliography, etc | গ্রন্থপঞ্জি: পৃ. ১৭৪-১৮১ |
| 650 #0 - SUBJECT ADDED ENTRY--TOPICAL TERM | |
| Topical term or geographic name as entry element | নৃ-গোষ্ঠী (পাত্র) |
| Geographic subdivision | বাংলাদেশ। |
| 650 #0 - SUBJECT ADDED ENTRY--TOPICAL TERM | |
| Topical term or geographic name as entry element | Ethnic group (Patro) |
| Geographic subdivision | Bangladesh. |
| 942 ## - ADDED ENTRY ELEMENTS (KOHA) | |
| Source of classification or shelving scheme | |
| Koha item type | Books |
| Price effective from | Date last seen | Permanent Location | Not for loan | Date acquired | Source of classification or shelving scheme | Koha item type | Lost status | Withdrawn status | Source of acquisition | Collection code | Damaged status | Shelving location | Barcode | Current Location | Full call number |
|---|---|---|---|---|---|---|---|---|---|---|---|---|---|---|---|
| 2019-05-14 | 2019-05-14 | Dhaka University Library | Not For Loan | 2019-05-14 | Books | Gift | Non Fiction | Rare Collection | 509338 | Dhaka University Library | 305.89144 ASB |
